Statistiques concernant Monts et Montagnes historiques.

Cliquez ici pour prendre le quiz!

Statistiques générales

  • Ce quiz a été pris 102 fois
  • Le résultat moyen est 5 sur 10

Statistiques - réponses

DéscriptionMont ou Montagne% Correct
Ilot Rocheux Normand. Relié ou non au continent au gré des marées. Il abrite
une abbaye.
Mont Saint Michel
94%
Point culminant de la TerreMont Everest
90%
Point culminant de la Grèce, il est le domaine des dieux de la
mythologie grecque.
Mont Olympe
90%
Point culminant du Japon. c'est un lieux sacré pour les shintoïstesMont Fuji
88%
Point culminant de la Martinique. Cette Montagne est un stratovolcan.
Son éruption de 1903 a fait plus de 30 000 morts
Montagne Pelée
52%
Une des sept collines de Rome. C'est celle où Romulus s'installa lors du conflit
qui l'opposa à son frère Rémus qui s'est installé sur L'Aventin
Mont Palatin
36%
Mont Grec où s'est installé une communauté monastique orthodoxe.
Communauté qui forme une région autonome de la Grèce. Ce mont
est interdit aux femmes.
Mont Athos
32%
Mont du Morvan. Il abritait la ville-opidum de Bibracte. Capitale des Eduens
un peuple gaulois. C'est là-bas que Vercingétorix fut proclamé Chef des Gaules
coalisés.
Mont Beuvray
11%
Point culminant de Saint-Marin, c'est sur ses pentes que
Marinus (futur Saint-Marin) a fondé une communauté de
chrétiens qui persistera et deviendra indépendante.
Mont Titano
7%
la plus ancienne des 5 montagnes sacrées de la Chine. Elle héberge
bon nombre de temples et sanctuaires
Mont Tai
3%

Distribution des résultats

Percentile par nombre de réponses

% des personnes avec chaque résultat

Votre développement - résultats

Vous n’avez pas pris ce quiz